[Event "28th Czech Open A 2017"]
[Site "Pardubice CZE"]
[Date "2017.07.21"]
[Round "1.47"]
[White "Urban, Lars"]
[Black "Abergel, Thal"]
[Result "0-1"]
[BlackTitle "GM"]
[WhiteElo "2222"]
[BlackElo "2464"]
[WhiteFideId "4644034"]
[BlackFideId "614890"]
[EventDate "2017.07.21"]

1. d4 Nf6 2. c4 e6 3. Nc3 Bb4 4. e3 c5 5. Bd3 d5 6. Nf3 Nc6 7. O-O O-O 8. dxc5
Bxc5 9. a3 dxc4 10. Bxc4 Qe7 11. b4 Rd8 12. Qe2 Bb6 13. Bb2 Bd7 14. Rfd1 Rac8
15. h3 Be8 16. Rxd8 Rxd8 17. Rd1 a6 18. e4 Nd4 19. Nxd4 Bxd4 20. e5 Bxc3 21.
Bxc3 Nd5 22. Bxd5 exd5 23. f4 Ba4 24. Rd2 Qc7 25. Bd4 Qc4 26. Qe3 Bc2 27. e6 Re8
28. Qe5 f6 29. Qe3 Be4 30. f5 Bxf5 31. e7 Be4 32. Bc5 h6 33. Kh2 Kh7 34. Rd4 Qc2
35. Rd2 Qc1 36. Qe2 Qxa3 37. Qh5 Qa4 38. Qf7 0-1

[Event "28th Czech Open A 2017"]
[Site "Pardubice CZE"]
[Date "2017.07.21"]
[Round "1.48"]
[White "Drozdowski, Kacper"]
[Black "Hollan, Martin"]
[Result "1-0"]
[WhiteTitle "IM"]
[BlackTitle "FM"]
[WhiteElo "2461"]
[BlackElo "2221"]
[WhiteFideId "1136720"]
[BlackFideId "360937"]
[EventDate "2017.07.21"]

1. e4 c5 2. Nf3 d6 3. d4 cxd4 4. Qxd4 Nc6 5. Bb5 Bd7 6. Bxc6 Bxc6 7. Nc3 Nf6 8.
Bg5 e6 9. O-O-O Be7 10. Qd3 a6 11. Nd4 Rc8 12. f4 Qc7 13. h4 b5 14. a3 h6 15.
Bxf6 Bxf6 16. g4 Qb6 17. Nce2 a5 18. g5 Bxd4 19. Nxd4 b4 20. axb4 axb4 21. g6
O-O 22. Rhg1 Qa7 23. f5 Qa1+ 24. Kd2 Qxb2 25. Rb1 Qc3+ 26. Qxc3 bxc3+ 27. Kd3 e5
28. gxf7+ Rxf7 29. Nxc6 Rxc6 30. Rb8+ Rf8 31. Rxf8+ Kxf8 32. Rg6 Kf7 33. h5 Rb6
34. Kxc3 Rc6+ 35. Kd3 Ra6 36. c3 Rb6 37. Kc4 Rc6+ 38. Kd5 Rxc3 39. Rxd6 Rh3 40.
Kxe5 Rxh5 41. Rd7+ Kg8 42. Ke6 Rh4 43. e5 Re4 44. Kd6 Rd4+ 45. Ke7 Rf4 46. e6
Rxf5 47. Rd8+ Kh7 48. Kd6 Rf1 49. e7 Rd1+ 50. Kc5 Re1 51. e8=Q Rxe8 52. Rxe8 Kg6
53. Kd4 Kf5 54. Ke3 Kg4 55. Re4+ 1-0

[Event "28th Czech Open A 2017"]
[Site "Pardubice CZE"]
[Date "2017.07.21"]
[Round "1.49"]
[White "Pychova, Nela"]
[Black "Bilguun, Sumiya"]
[Result "1-0"]
[WhiteTitle "WFM"]
[BlackTitle "IM"]
[WhiteElo "2219"]
[BlackElo "2460"]
[WhiteFideId "351369"]
[BlackFideId "4901541"]
[EventDate "2017.07.21"]

1. c4 e6 2. Nc3 d5 3. d4 c6 4. cxd5 exd5 5. Nf3 Nf6 6. Bg5 Be7 7. e3 Nbd7 8. Bd3
Nf8 9. Qc2 Ng6 10. h4 Nf8 11. h5 h6 12. Bh4 Be6 13. Ne5 N8d7 14. Nxd7 Nxd7 15.
Bxe7 Qxe7 16. O-O-O O-O-O 17. f3 Kb8 18. Qf2 Qd6 19. Kb1 Rhf8 20. Ne2 Nb6 21.
Qg3 Qxg3 22. Nxg3 Nc8 23. Kc2 Nd6 24. Kd2 Rfe8 25. b3 Kc7 26. Ne2 Bf5 27. Nf4 a5
28. Rhe1 Re7 29. Rc1 Kb6 30. g4 Bxd3 31. Nxd3 f6 32. Nf4 a4 33. Ng6 Ree8 34. Kd3
Ra8 35. Ra1 Nf7 36. Nh4 Ng5 37. b4 a3 38. Rab1 Red8 39. Rb3 Ne6 40. Nf5 Rd7 41.
Rc1 Nc7 42. Rcc3 Nb5 43. Rc2 Ra4 44. Rc1 Nc7 45. Kc3 Kb5 46. Re1 Ka6 47. Kd3 Nb5
48. Rc1 Kb6 49. Re1 Kc7 50. Rc1 Kd8 51. Re1 Nc7 52. Rc1 Ke8 53. Kd2 Kf8 54. Kd3
Nb5 55. Re1 Ra6 56. Rc1 Ra8 57. Rc2 Kf7 58. Rc1 Rdd8 59. Rc2 Re8 60. Rc1 Rh8 61.
Rh1 Rag8 62. Rbb1 Rd8 63. Rh2 Rd7 64. Rhh1 Ke8 65. Rb3 Kd8 66. Rh2 Kc7 67. Rh1
Kb6 68. Rh2 Ra8 69. Rh1 Nc7 70. Rc1 Ra4 71. Kd2 Na6 72. Kc3 Ka7 73. Rcb1 b5 74.
Rd1 Kb7 75. Re1 Nc7 76. Re2 Na8 77. e4 dxe4 78. fxe4 Nc7 79. Rb1 Ne6 80. Re3 Nc7
81. Ree1 Kc8 82. Red1 Kd8 83. Rd3 Na6 84. Re3 Nc7 85. Rd3 Ne8 86. Re3 Kc7 87.
Rb3 Kb7 88. Rd3 Nc7 89. Re3 Kc8 90. Rb1 Ne6 91. Rbe1 Kb7 92. Rb1 Ra8 93. Rd3 Re8
94. Re1 Red8 95. Red1 Nf4 96. Re3 Re8 97. Rd2 Ne6 98. Re1 Ra8 99. Re3 Ra4 100.
Ree2 Nc7 101. Ne3 Ra8 102. Nf5 Ne6 103. Re3 Rg8 104. Rh3 g6 105. hxg6 Rxg6 106.
Rxh6 Rxg4 107. Re2 Nf4 108. Rf2 Ne6 109. Re2 Rg1 110. Rxf6 Nxd4 111. Nxd4 Rd1
112. Nf3 Rc1+ 113. Rc2 Rcd1 114. Rd2 Rc1+ 115. Kb3 Rb1+ 116. Kxa3 Rg7 117. Nd4
Rd7 118. Rff2 Kb6 119. Nb3 Re7 120. Rb2 Rh1 121. Nc5 Ra7+ 122. Kb3 Rh3+ 123. Kc2
Raa3 124. Re2 Rac3+ 125. Kd2 Rc4 126. Rb3 Rh1 127. e5 Rd4+ 128. Nd3 Ra1 129. Rb2
Kc7 130. e6 Kd8 131. e7+ Ke8 132. Rc2 Rd7 133. Kc3 Rd1 134. Nc5 Ra7 135. Rcd2
Rxd2 136. Rxd2 Kxe7 137. Kd4 Kd6 138. Ne4+ 1-0

[Event "28th Czech Open A 2017"]
[Site "Pardubice CZE"]
[Date "2017.07.21"]
[Round "1.50"]
[White "Nasuta, Grzegorz"]
[Black "Audi, Ameya"]
[Result "1-0"]
[WhiteTitle "IM"]
[WhiteElo "2455"]
[BlackElo "2219"]
[WhiteFideId "1141686"]
[BlackFideId "25034430"]
[EventDate "2017.07.21"]

1. e4 e5 2. Nf3 Nc6 3. Bc4 Bc5 4. O-O Nf6 5. d3 a6 6. Re1 d6 7. c3 Ba7 8. Bb3
O-O 9. h3 h6 10. Nbd2 Nh5 11. Nf1 Qf6 12. Be3 Bxe3 13. fxe3 Qg6 14. Kh2 Na5 15.
g4 Nxb3 16. axb3 Nf6 17. Ng3 Re8 18. Nf5 Qh7 19. Rg1 h5 20. Ng5 Qg6 21. gxh5
Qxh5 22. Qxh5 Nxh5 23. Raf1 f6 24. Nf3 a5 25. Rg4 Kf7 26. Rfg1 Bxf5 27. exf5 d5
28. Nh4 Rh8 29. Ng6 Rh6 30. Ra1 b5 31. Ra3 c5 32. b4 cxb4 33. Rxb4 axb4 34. Rxa8
Rxg6 35. fxg6+ Kxg6 36. cxb4 d4 37. exd4 Nf4 38. dxe5 fxe5 39. Rb8 Nxd3 40. Rxb5
Kf5 41. Kg3 Nxb2 42. Rb7 g5 43. b5 Nc4 44. Rc7 Nb6 45. Rc6 Nd7 46. b6 1-0

[Event "28th Czech Open A 2017"]
[Site "Pardubice CZE"]
[Date "2017.07.21"]
[Round "1.51"]
[White "Soural, Jan"]
[Black "Malakhov, Igor"]
[Result "1/2-1/2"]
[BlackTitle "IM"]
[WhiteElo "2217"]
[BlackElo "2454"]
[WhiteFideId "311928"]
[BlackFideId "4183088"]
[EventDate "2017.07.21"]

1. d4 Nf6 2. c4 c5 3. d5 g6 4. Nc3 Bg7 5. e4 O-O 6. Be2 d6 7. Nf3 e5 8. Bg5 h6
9. Bd2 Nh5 10. g3 Bh3 11. Qc2 Nd7 12. O-O-O a6 13. Rdg1 b5 14. Nd1 Nb6 15. Ne3
Bd7 16. Nh4 Nf6 17. h3 Rb8 18. Ba5 Qe7 19. Nhg2 bxc4 20. Nxc4 Nxc4 21. Bxc4 Bb5
22. Ne3 Nd7 23. g4 Bf6 24. a4 Bxc4 25. Nxc4 Bg5+ 26. Kb1 Rfc8 27. Rg3 Qf8 28. h4
Bd8 29. Bd2 Nb6 30. Na5 Qe8 31. Nc6 Rxc6 32. dxc6 Qxc6 33. Ra3 Qd7 34. a5 Nc8
35. Bxh6 Qxg4 36. Rg3 Qh5 37. Bg5 Bxg5 38. Rxg5 Qf3 39. Rhg1 Rb4 40. h5 Ne7 41.
hxg6 1/2-1/2

[Event "28th Czech Open A 2017"]
[Site "Pardubice CZE"]
[Date "2017.07.21"]
[Round "1.52"]
[White "Carlsson, Pontus"]
[Black "Moravec, Vit"]
[Result "1/2-1/2"]
[WhiteTitle "GM"]
[WhiteElo "2453"]
[BlackElo "2216"]
[WhiteFideId "1705814"]
[BlackFideId "331481"]
[EventDate "2017.07.21"]

1. e4 c5 2. Nf3 Nc6 3. Bb5 e6 4. Bxc6 bxc6 5. d3 Ne7 6. O-O f6 7. Nh4 g6 8. f4
Bg7 9. c4 O-O 10. Nc3 d6 11. Qe2 Qc7 12. Be3 Bd7 13. Qd2 Rae8 14. Nf3 e5 15.
fxe5 fxe5 16. h3 Nc8 17. Rf2 Be6 18. Raf1 Qd7 19. Ne2 Rf7 20. Ng3 Ref8 21. Bh6
Qe7 22. Qe3 Bxh6 23. Qxh6 Rf4 24. Ng5 Rxf2 25. Rxf2 Rxf2 26. Kxf2 Bd7 27. Nf3
Nb6 28. Kg1 Qf8 29. Qxf8+ Kxf8 30. b3 Na8 31. Kf2 Nc7 32. Ne2 Ne6 33. a3 a5 34.
h4 h6 35. g3 Kf7 36. Ke1 Kf6 37. Kd2 Nd4 38. Nexd4 exd4 39. Ke1 Bg4 40. Nh2 Be6
41. Nf3 1/2-1/2

[Event "28th Czech Open A 2017"]
[Site "Pardubice CZE"]
[Date "2017.07.21"]
[Round "1.53"]
[White "Bunyatov, Rustam"]
[Black "Lugovskoy, Maxim"]
[Result "0-1"]
[WhiteTitle "FM"]
[BlackTitle "GM"]
[WhiteElo "2213"]
[BlackElo "2453"]
[WhiteFideId "13410210"]
[BlackFideId "24126454"]
[EventDate "2017.07.21"]

1. e4 e6 2. d3 d5 3. Qe2 Nf6 4. e5 Nfd7 5. Nf3 c5 6. g3 Nc6 7. Bg2 Qc7 8. Bf4
Be7 9. h4 b6 10. c4 d4 11. Nbd2 Bb7 12. a3 h6 13. h5 O-O-O 14. Kf1 Kb8 15. Re1
Nf8 16. g4 Nd7 17. Bg3 a6 18. Nh4 b5 19. f4 b4 20. a4 b3 21. Nxb3 Nb4 22. Nf3
Ka7 23. Rc1 Bc6 24. Nbd2 Rb8 25. b3 f6 26. exf6 gxf6 27. Nh4 Bd6 28. Ng6 Rhg8
29. Bxc6 Qxc6 30. Kf2 Nf8 31. Nxf8 Rbxf8 32. Ne4 Bc7 33. Rhg1 f5 34. gxf5 exf5
35. Nd2 Re8 0-1

[Event "28th Czech Open A 2017"]
[Site "Pardubice CZE"]
[Date "2017.07.21"]
[Round "1.54"]
[White "Nagy, Gabor1"]
[Black "Kanakova, Natalie"]
[Result "1-0"]
[WhiteTitle "IM"]
[BlackTitle "WFM"]
[WhiteElo "2452"]
[BlackElo "2212"]
[WhiteFideId "737119"]
[BlackFideId "350486"]
[EventDate "2017.07.21"]

1. Nf3 c5 2. e4 g6 3. d4 cxd4 4. Nxd4 Nc6 5. c4 Bg7 6. Be3 Nf6 7. Nc3 O-O 8. Be2
d6 9. O-O Bd7 10. Qd2 Nxd4 11. Bxd4 Bc6 12. Bd3 a5 13. Rae1 Nd7 14. Bxg7 Kxg7
15. f4 Qb6+ 16. Kh1 f6 17. Re3 Rf7 18. Be2 a4 19. Bg4 Nc5 20. Rfe1 Rd8 21. h4 h6
22. h5 g5 23. Nd5 Qa6 24. b4 axb3 25. axb3 e6 26. Qc2 e5 27. fxe5 fxe5 28. b4
Bd7 29. Bxd7 Nxd7 30. Nc7 Qb6 31. Ne6+ Kh7 32. Nxd8 Qxd8 33. Qd1 Qf8 34. Rf3 Rf4
35. Ref1 Qf7 36. Kg1 Qxc4 37. Rxf4 gxf4 38. Qxd6 Qf7 39. Rd1 Nf6 40. Qxe5 Nxh5
41. Qf5+ 1-0

[Event "28th Czech Open A 2017"]
[Site "Pardubice CZE"]
[Date "2017.07.21"]
[Round "1.55"]
[White "Burnett, Andrew"]
[Black "Noe, Christopher"]
[Result "0-1"]
[WhiteTitle "FM"]
[BlackTitle "IM"]
[WhiteElo "2211"]
[BlackElo "2451"]
[WhiteFideId "2400855"]
[BlackFideId "24692018"]
[EventDate "2017.07.21"]

1. b3 e5 2. Bb2 Nc6 3. e3 Nf6 4. h3 d5 5. Bb5 Bd6 6. Nf3 Qe7 7. d4 e4 8. Ne5 Bd7
9. Bxc6 bxc6 10. Nxd7 Nxd7 11. O-O O-O 12. c4 Qe6 13. cxd5 cxd5 14. Nc3 c6 15.
Rc1 f5 16. Na4 f4 17. Qg4 Qxg4 18. hxg4 fxe3 19. fxe3 Rxf1+ 20. Kxf1 Rf8+ 21.
Ke2 Bg3 22. Rf1 Rxf1 23. Kxf1 Bd6 24. Bc3 Kf7 25. Be1 Nf6 26. g5 Ng4 27. Ke2 Kg6
28. b4 Kxg5 29. b5 cxb5 30. Nc3 a6 31. Nxd5 Nf6 32. Nb6 Bc7 33. Nc8 Nd5 34. Na7
b4 35. Nc6 a5 0-1

[Event "28th Czech Open A 2017"]
[Site "Pardubice CZE"]
[Date "2017.07.21"]
[Round "1.56"]
[White "Garakov, Mikhael"]
[Black "Kratochvil, Karel"]
[Result "1-0"]
[WhiteTitle "IM"]
[WhiteElo "2447"]
[BlackElo "2210"]
[WhiteFideId "4169034"]
[BlackFideId "325546"]
[EventDate "2017.07.21"]

1. e4 e5 2. Nf3 Nf6 3. Nxe5 d6 4. Nf3 Nxe4 5. d4 d5 6. Bd3 Nc6 7. O-O Be7 8. c4
Nb4 9. Be2 O-O 10. Nc3 Bf5 11. a3 Nxc3 12. bxc3 Nc6 13. cxd5 Qxd5 14. Bf4 Rac8
15. Re1 Rfe8 16. Qa4 Bd6 17. Bc4 Rxe1+ 18. Rxe1 Qa5 19. Bxf7+ Kxf7 20. Qb3+ Kf8
21. Ng5 Nd8 22. Bxd6+ cxd6 23. Qg8+ 1-0

[Event "28th Czech Open A 2017"]
[Site "Pardubice CZE"]
[Date "2017.07.21"]
[Round "1.57"]
[White "Simet, Martin"]
[Black "Jansa, Vlastimil"]
[Result "1/2-1/2"]
[BlackTitle "GM"]
[WhiteElo "2210"]
[BlackElo "2446"]
[WhiteFideId "377244"]
[BlackFideId "300128"]
[EventDate "2017.07.21"]

1. b3 d5 2. Bb2 Bg4 3. d3 Nd7 4. Nd2 e5 5. Ngf3 Bd6 6. e4 Ngf6 7. Be2 O-O 8. O-O
c6 9. c4 Re8 10. Re1 a5 11. a3 dxe4 12. Nxe4 Nxe4 13. dxe4 Nc5 14. Qc2 Qb6 15.
Rab1 Bxf3 16. Bxf3 Qxb3 17. Qxb3 Nxb3 18. Bxe5 Rxe5 19. Rxb3 a4 20. Rd3 Bc5 21.
Rb1 Re7 22. Kf1 g6 23. g4 Kg7 24. Re1 Rae8 25. Rb1 Kf6 26. Kg2 Rc7 27. Kg3 Ree7
28. Rbd1 g5 29. R1d2 Ke6 30. Bd1 Rcd7 31. Bxa4 Bxa3 32. Rxd7 Rxd7 33. Rxd7 Kxd7
34. f4 Kd6 35. fxg5 Kc5 36. Bb3 Kb4 37. Ba2 Kc3 38. c5 Bxc5 39. e5 Kd4 40. Kf4
Bb6 41. Kf5 Bc7 42. Bxf7 Bxe5 43. h4 c5 44. h5 b5 45. h6 c4 46. Bg8 c3 47. Bb3
b4 48. g6 hxg6+ 49. Kxg6 Kd3 50. Kf5 Bd4 51. g5 c2 52. Bxc2+ Kxc2 53. g6 b3 54.
g7 b2 55. g8=Q b1=Q 56. h7 Qf1+ 57. Ke6 Qc4+ 58. Kd6 Qc5+ 59. Kd7 Qf5+ 60. Kc6
Qc5+ 61. Kd7 Qh5 62. Qc4+ Bc3 63. Qe4+ Kd2 64. Qg2+ Kd3 65. Qf1+ Kc2 66. Qg2+
Kb3 67. Qg8+ Kb4 68. Qb8+ 1/2-1/2

[Event "28th Czech Open A 2017"]
[Site "Pardubice CZE"]
[Date "2017.07.21"]
[Round "1.58"]
[White "Sundararajan, Kidambi"]
[Black "Bibik, Jura"]
[Result "1-0"]
[WhiteTitle "GM"]
[BlackTitle "IM"]
[WhiteElo "2444"]
[BlackElo "2208"]
[WhiteFideId "5005370"]
[BlackFideId "4113071"]
[EventDate "2017.07.21"]

1. Nf3 d5 2. g3 Bg4 3. Bg2 c6 4. c4 e6 5. cxd5 exd5 6. h3 Bh5 7. O-O Nf6 8. d3
Bc5 9. Qb3 Qb6 10. Qc2 Nbd7 11. Nc3 Qd8 12. e4 O-O 13. Bf4 Re8 14. Rad1 h6 15.
g4 g5 16. Bg3 Bg6 17. Rfe1 dxe4 18. dxe4 Qe7 19. Qb3 b5 20. e5 Nh7 21. e6 fxe6
22. Rxd7 Qxd7 23. Ne5 Qg7 24. Bxc6 Nf8 25. Bxa8 Rxa8 26. Nxg6 Qxg6 27. Qxb5 Bb6
28. Nd5 Qf7 29. Nxb6 axb6 30. a3 Qb7 31. Qe5 Qf3 32. Qc7 1-0

[Event "28th Czech Open A 2017"]
[Site "Pardubice CZE"]
[Date "2017.07.21"]
[Round "1.59"]
[White "Drnovsek, Gal"]
[Black "Mukashev, Assan"]
[Result "1-0"]
[WhiteTitle "IM"]
[WhiteElo "2440"]
[BlackElo "2207"]
[WhiteFideId "14607077"]
[BlackFideId "13703803"]
[EventDate "2017.07.21"]

1. d4 Nf6 2. c4 c6 3. Nc3 d5 4. cxd5 cxd5 5. Bf4 e6 6. e3 Bd6 7. Bg3 O-O 8. Bd3
a6 9. Nf3 Nc6 10. Ne5 Qe7 11. O-O Bd7 12. Na4 Rad8 13. a3 Be8 14. Rc1 Ne4 15.
Bxe4 dxe4 16. Qc2 f6 17. Nxc6 Bxc6 18. Bxd6 Rxd6 19. Rfd1 f5 20. Nb6 Qg5 21. Nc4
Rdd8 22. Ne5 Bd5 23. Qd2 f4 24. exf4 Qxf4 25. Rc3 Qf5 26. Rdc1 b6 27. Qe3 Bb7
28. Rc7 Rc8 29. Qg3 Qf6 30. Nd7 Qh6 31. Qe3 Rxc7 32. Rxc7 Qh5 33. h3 1-0

[Event "28th Czech Open A 2017"]
[Site "Pardubice CZE"]
[Date "2017.07.21"]
[Round "1.60"]
[White "Roinos, Ilias"]
[Black "Biolek, Richard Jr."]
[Result "0-1"]
[BlackTitle "IM"]
[WhiteElo "2206"]
[BlackElo "2437"]
[WhiteFideId "4232402"]
[BlackFideId "319996"]
[EventDate "2017.07.21"]

1. e4 Nc6 2. Nc3 e5 3. Nf3 Nf6 4. d4 exd4 5. Nxd4 Bb4 6. Nxc6 bxc6 7. Bd3 d5 8.
e5 Ng4 9. O-O O-O 10. Bf4 f6 11. exf6 Qxf6 12. Bg3 Bd6 13. Qd2 Rb8 14. Na4 Rb4
15. b3 Ne5 16. Rae1 Rd4 17. Re3 Bf5 18. Qe2 Nxd3 19. cxd3 Qg6 20. Bxd6 cxd6 21.
Nb2 Rg4 22. Rg3 Rxg3 23. hxg3 Re8 24. Qf3 Bg4 25. Qf4 c5 26. Nd1 Be2 27. Re1
Qxd3 28. f3 d4 29. Kf2 Qc2 30. Kg1 d3 31. Ne3 Qd2 32. Qc4+ Kh8 0-1

[Event "28th Czech Open A 2017"]
[Site "Pardubice CZE"]
[Date "2017.07.21"]
[Round "1.61"]
[White "Akesson, Ralf"]
[Black "Lyell, Mark"]
[Result "1-0"]
[WhiteTitle "GM"]
[BlackTitle "FM"]
[WhiteElo "2435"]
[BlackElo "2204"]
[WhiteFideId "1700120"]
[BlackFideId "402354"]
[EventDate "2017.07.21"]

1. Nf3 f5 2. g3 Nf6 3. Bg2 e6 4. O-O Be7 5. c4 O-O 6. b3 d6 7. d4 Ne4 8. Bb2 a5
9. Ne1 Nc6 10. f3 Ng5 11. d5 Bf6 12. Nc3 Ne7 13. dxe6 Nxe6 14. f4 Nc5 15. Nd3
Nc6 16. Nxc5 dxc5 17. Bd5+ Kh8 18. Bxc6 Bd4+ 19. Kh1 bxc6 20. Qd2 Qe7 21. Rf3
Be6 22. Na4 Bf7 23. Bxd4 cxd4 24. Qxd4 Qxe2 25. Re3 Qf2 26. Rd3 Qxd4 27. Rxd4
Bh5 28. Rf1 Rad8 29. Rxd8 Rxd8 30. Kg2 Kg8 31. Rf2 Kf7 32. Nb2 Ke7 33. Rc2 Rd4
34. Kf2 Kd6 35. Ke3 Re4+ 36. Kd3 Kc5 37. a3 Bf3 38. Rf2 Bh1 39. Na4+ Kd6 40. Rd2
c5 41. Re2 Rd4+ 42. Kc3 Bc6 43. Nxc5 Rd1 44. b4 axb4+ 45. axb4 Rc1+ 46. Kd3 Bd7
47. Re5 Rd1+ 48. Kc2 Rd4 49. Kc3 Rd1 50. Nxd7 Rc1+ 51. Kb2 Rxc4 52. Kb3 Rc1 53.
Nc5 Rb1+ 54. Kc4 Rb2 55. Re6# 1-0

[Event "28th Czech Open A 2017"]
[Site "Pardubice CZE"]
[Date "2017.07.21"]
[Round "1.62"]
[White "Flak, Pawel"]
[Black "Kazakovskiy, Valeriy"]
[Result "0-1"]
[BlackTitle "IM"]
[WhiteElo "2204"]
[BlackElo "2433"]
[WhiteFideId "1117548"]
[BlackFideId "13507443"]
[EventDate "2017.07.21"]

1. d4 Nf6 2. c4 e6 3. Nf3 Bb4+ 4. Bd2 Qe7 5. Qc2 Nc6 6. e3 O-O 7. Bc3 d6 8. Be2
e5 9. d5 Bxc3+ 10. Nxc3 Nb8 11. Nd2 a5 12. e4 Na6 13. Nf1 c6 14. Ne3 Nb4 15. Qd2
cxd5 16. cxd5 Na6 17. Nc4 Nc5 18. Nb6 Rb8 19. f3 Nh5 20. O-O g6 21. b3 f5 22.
Nca4 Nxa4 23. bxa4 Qc7 24. Qe3 Nf4 25. Bb5 fxe4 26. fxe4 Bg4 27. Rac1 Qd8 28. h3
Bxh3 29. Kh2 Bxg2 30. Qf2 Qg5 31. Qg3 Qh5+ 32. Kg1 Qh1+ 33. Kf2 Nh5+ 34. Ke3
Nxg3 35. Rxh1 Bxh1 36. Nd7 Rf3+ 37. Kd2 Nxe4+ 38. Ke2 Ng3+ 39. Kd2 Rd8 40. Rc7
Rf7 0-1

[Event "28th Czech Open A 2017"]
[Site "Pardubice CZE"]
[Date "2017.07.21"]
[Round "1.63"]
[White "Kaczur, Florian"]
[Black "Aditya, Mittal"]
[Result "1-0"]
[BlackTitle "CM"]
[WhiteElo "2433"]
[BlackElo "2203"]
[WhiteFideId "705098"]
[BlackFideId "35042025"]
[EventDate "2017.07.21"]

1. e4 c5 2. Nf3 d6 3. Bb5+ Nd7 4. O-O Nf6 5. Re1 a6 6. Bf1 b6 7. d4 cxd4 8. Nxd4
Bb7 9. f3 e6 10. c4 Be7 11. Nc3 O-O 12. Be3 Rc8 13. Qd2 Qc7 14. a4 Nc5 15. Qf2
Rfe8 16. Rab1 Bf8 17. Rec1 Qb8 18. h3 d5 19. exd5 exd5 20. b4 Ncd7 21. Nxd5 Nxd5
22. cxd5 Qe5 23. Rxc8 Bxc8 24. Bd2 Qxd5 25. Rc1 Bd6 26. Bc4 Qe5 27. f4 Qh5 28.
Re1 Rxe1+ 29. Qxe1 Nf6 30. Nf3 Bc5+ 31. Be3 Bxe3+ 32. Qxe3 b5 33. axb5 axb5 34.
Bb3 h6 35. Ne5 Qf5 36. Bxf7+ Kf8 37. Qc5# 1-0

[Event "28th Czech Open A 2017"]
[Site "Pardubice CZE"]
[Date "2017.07.21"]
[Round "1.64"]
[White "Jedlicka, Ales"]
[Black "Haba, Petr"]
[Result "0-1"]
[WhiteTitle "FM"]
[BlackTitle "GM"]
[WhiteElo "2200"]
[BlackElo "2432"]
[WhiteFideId "304824"]
[BlackFideId "300160"]
[EventDate "2017.07.21"]

1. d4 Nf6 2. c4 e6 3. Nf3 d5 4. g3 dxc4 5. Bg2 Bd7 6. Ne5 Bc6 7. Nxc6 Nxc6 8. e3
Qd7 9. Qa4 Nb4 10. Qxd7+ Kxd7 11. Na3 Rb8 12. Ke2 b5 13. Rd1 Be7 14. e4 Rhd8 15.
Be3 Nd3 16. Bc1 Bxa3 17. bxa3 Ke8 18. Be3 Ng4 19. Rab1 Nxe3 20. Kxe3 c5 21. dxc5
Nxc5 22. e5 a6 23. f4 Ke7 24. Bf3 Na4 25. Rbc1 h6 26. g4 Nb2 27. Rxd8 Rxd8 28.
Be2 g5 29. Rc3 Na4 30. Rc2 Nb6 31. f5 Rd5 32. f6+ Kd8 33. Bf3 Rd3+ 34. Ke2 Nd7
35. Bb7 Rxa3 36. Rd2 Kc7 37. Rd6 Rxa2+ 38. Ke3 Nxe5 39. Rxa6 Rxa6 40. Bxa6 Kb6 0-1

[Event "28th Czech Open A 2017"]
[Site "Pardubice CZE"]
[Date "2017.07.21"]
[Round "1.65"]
[White "Glek, Igor"]
[Black "Semjonovs, Ilja"]
[Result "1/2-1/2"]
[WhiteTitle "GM"]
[WhiteElo "2430"]
[BlackElo "2198"]
[WhiteFideId "4100484"]
[BlackFideId "11604263"]
[EventDate "2017.07.21"]

1. e4 c5 2. Nf3 d6 3. c3 Nf6 4. h3 Nc6 5. Bd3 g6 6. Bc2 Bg7 7. d4 cxd4 8. cxd4
O-O 9. Nc3 e5 10. dxe5 dxe5 11. Be3 Qa5 12. O-O Rd8 13. Nd2 Be6 14. Bb3 Nh5 15.
Bxe6 fxe6 16. Qg4 Nd4 17. Bxd4 exd4 18. Qxe6+ Kh8 19. Nb3 Qg5 20. Nd5 Nf4 21.
Nxf4 Qxf4 22. g3 Qf3 23. Qg4 Qxg4 24. hxg4 d3 25. Rfd1 Bxb2 26. Rab1 Ba3 27. Nd2
Rac8 28. Kg2 b6 29. e5 Rc2 30. Ne4 Re2 31. Rb3 Rxe4 32. Rxa3 Rxe5 33. Rdxd3 Rxd3
34. Rxd3 Re7 35. g5 Kg7 36. f4 h6 37. gxh6+ Kxh6 38. Kf3 Rc7 39. Rd6 Rc3+ 40.
Kg4 Rc5 41. Kh4 Rh5+ 42. Kg4 Ra5 43. Rd2 1/2-1/2

[Event "28th Czech Open A 2017"]
[Site "Pardubice CZE"]
[Date "2017.07.21"]
[Round "1.66"]
[White "Paprocki, Jaroslaw"]
[Black "Vykouk, Jan"]
[Result "0-1"]
[BlackTitle "FM"]
[WhiteElo "2192"]
[BlackElo "2430"]
[WhiteFideId "1122274"]
[BlackFideId "349658"]
[EventDate "2017.07.21"]

1. d4 Nf6 2. c4 e6 3. Nf3 b6 4. a3 Bb7 5. Nc3 d5 6. cxd5 exd5 7. Bf4 a6 8. e3
Bd6 9. Bg3 O-O 10. Bd3 Ne4 11. Qc2 f5 12. Bxd6 Qxd6 13. Ne5 Nd7 14. f4 Nxe5 15.
fxe5 Qh6 16. Bxe4 Qxe3+ 17. Qe2 Qxe2+ 18. Nxe2 fxe4 19. Rc1 Rac8 20. b4 a5 21.
bxa5 c5 22. axb6 cxd4 23. Kd2 Rf2 24. Rxc8+ Bxc8 25. Ke1 e3 26. Nxd4 Rb2 27. a4
Ba6 28. Nb5 Rb1+ 29. Ke2 Rxh1 30. Kxe3 Rb1 31. Nc7 Rxb6 32. e6 Bc8 33. e7 Bd7
34. a5 Rc6 35. Nxd5 Kf7 0-1

[Event "28th Czech Open A 2017"]
[Site "Pardubice CZE"]
[Date "2017.07.21"]
[Round "1.67"]
[White "Cawdery, Daniel"]
[Black "Jeet, Jain"]
[Result "1/2-1/2"]
[WhiteTitle "IM"]
[WhiteElo "2426"]
[BlackElo "2191"]
[WhiteFideId "14300249"]
[BlackFideId "5073022"]
[EventDate "2017.07.21"]

1. e4 e5 2. Nf3 Nc6 3. Bc4 Bc5 4. c3 Nf6 5. d4 exd4 6. cxd4 Bb4+ 7. Bd2 Nxe4 8.
Bxb4 Nxb4 9. Bxf7+ Kxf7 10. Qb3+ d5 11. Ne5+ Ke6 12. Qxb4 Qf8 13. Qxf8 Rxf8 14.
f3 Nd6 15. Nc3 c6 16. O-O-O Nf5 17. Rhe1 Kd6 18. f4 Kc7 19. g4 Nd6 20. f5 a5 21.
b3 b5 22. Kb2 g6 23. Rc1 Kb7 24. fxg6 hxg6 25. Nxg6 Rf2+ 26. Ka1 Kb6 27. Ne5
Rxh2 28. Nxd5+ cxd5 29. Rc6+ Ka7 30. Rxd6 Bb7 31. Nd3 Rf8 32. Rd7 Kb8 33. Rde7
Rd2 34. Re8+ Rxe8 35. Rxe8+ Bc8 36. Ne5 Kc7 37. Re7+ Kd6 38. Re8 Rxd4 39. Nf7+
Kd7 40. Re1 Rf4 41. Nh6 Kd6 42. g5 Bf5 43. Nf7+ Kc5 44. Ne5 1/2-1/2

[Event "28th Czech Open A 2017"]
[Site "Pardubice CZE"]
[Date "2017.07.21"]
[Round "1.68"]
[White "Bartos, Jan"]
[Black "Bryzgalin, Kirill"]
[Result "0-1"]
[WhiteTitle "FM"]
[BlackTitle "GM"]
[WhiteElo "2189"]
[BlackElo "2424"]
[WhiteFideId "315060"]
[BlackFideId "4133285"]
[EventDate "2017.07.21"]

1. d4 Nf6 2. Bf4 d6 3. Nc3 c6 4. e4 Qb6 5. Rb1 g6 6. h3 c5 7. Bb5+ Bd7 8. Bxd7+
Nbxd7 9. d5 Nxe4 10. Nge2 Nxc3 11. bxc3 Qa6 12. O-O Bg7 13. Qd3 Nb6 14. Qxa6
bxa6 15. Rfd1 Kd7 16. Kf1 Rhb8 17. Ke1 Na4 18. Bd2 Nb2 19. Rdc1 Rb6 20. Nf4 Rab8
21. Ke2 Nd3 0-1